000 02672nam a2200409 c 4500
003 BLK
005 20241212143457.0
008 180409b bul|||||r ||||||| ||bul||
010 _aKNG00142776000
040 _aBLK
041 _aBUL
_cBUL
080 _aБългарска литература
_b821.163.2
_x(081.1)
_z821.163.2(081.1)
080 _aЛитература на отделни езици и езикови семейства
_b821
_x-1
_z821-1
080 _aТеория и техника на превода
_b82`25
_x
_z82`25
100 1 _aРазцветников, Асен
_d1897 - 1951
_qКоларов, Асен Петков
_eпърви автор
_gКоларов, Асен Петков
_9114515
700 _aЗидаров, Камен
_gМанев, Тодор Събев
_cПисател, поет, драматург, дир. на Военния театър в София, автор на учебни помагала, прев. от руски език
_d1902-1987
_9373166
700 1 _aВелчев, Петър
_eпод ред. на на том
_gГенев, Петър Велчев
_9369325
700 1 _aВелчев, Петър
_eпослесл. на том
_gГенев, Петър Велчев
_9369325
700 1 _aНеделчев, Михаил Димитров
_e*
_9365153
700 1 _aЯнков, Николай
_e*
_9364665
700 1 _aКоларов, Асен Петков
_e*
_9366358
139 _aРазцветников, Асен
_bР 26
245 1 0 _aСъбрани съчинения
_bВ 4 т.
_cАсен Разцветников; ред. кол. Камен Зидаров; под ред. на на том Петър Велчев; послесл. на том Петър Велчев; * Михаил Димитров Неделчев; * Николай Янков; * Асен Петков Коларов.
_nТ. 3
_pСтихотворни преводи
257 _aBGR
260 София
_bБълг. писател
_c1981-
_fВ. Търново : Д. Найденов
300 _c21 см
380 _aX
500 _aДруги ред.: М. Неделчев, Н. Янков, П. Велчев. - Асен Разцветников е псевд. на Асен Петков Коларов. - 30 113 тир.
505 _g
_r
_tСтатии за превода
760 1 _aРазцветников, Асен
_d1982
_h415 с. : 4 л. ил., портр., факс.
_tТ. 3 Стихотворни преводи
852 _aЦб 112002
856 4 _qpdf
_u
856 4 _qpdf
_u
942 _cKNG
_n0
944 _aCR
_c16.05.2013
_lСевдалина Тодорова
_k30540
944 _aED
_c16.05.2013
_l16.05.2013 - от С1,Р / 16.05.2013
_k
999 _c136819
_d136819